[Event "Brasov GP RO"]
[Site "Brasov"]
[Date "2023.07.22"]
[Round "9"]
[White "Bulau, Andrei Cristian"]
[Black "Iturralde Echeverria, Ivan"]
[Result "1-0"]
[WhiteElo "2187"]
[BlackElo "1899"]
[PlyCount "55"]
[EventDate "2023.07.16"]
[EventType "swiss"]
[EventRounds "9"]
[EventCountry "ROU"]
[SourceTitle "CBM 215 Extra"]
[Source "ChessBase"]
[SourceDate "2023.09.30"]
[SourceVersion "1"]
[SourceVersionDate "2023.09.30"]
[SourceQuality "1"]

1. d4 d5 2. Nf3 Nf6 3. e3 a6 4. b3 Bg4 5. Bb2 e6 6. Nbd2 Nbd7 7. Bd3 Bd6 8. 0-0 c6 9. c4 Qc7 10. h3 Bh5 11. Qc2 0-0-0 12. c5 Be7 13. b4 g5 14. Nxg5 Rdg8 15. f4 h6 16. Ngf3 Rg3 17. Rf2 Rhg8 18. Kh1 Bxf3 19. Nxf3 Nh5 20. a4 f5 21. b5 Nb8 22. Bxf5 Nxf4 23. exf4 exf5 24. Qxf5+ Nd7 25. bxc6 bxc6 26. Ne5 Bh4 27. Qe6 Rxh3+ 28. gxh3 1-0

[Event "San Sebastian Gros op 28th"]
[Site "San Sebastian"]
[Date "2018.06.26"]
[Round "6"]
[White "Iturralde Echeverria, Ivan"]
[Black "Forgas Moreno, Yaniela"]
[Result "1/2-1/2"]
[WhiteElo "1920"]
[BlackElo "2242"]
[PlyCount "58"]
[EventDate "2018.06.22"]
[EventType "swiss"]
[EventRounds "9"]
[EventCountry "ESP"]
[SourceTitle "CBM 185 Extra"]
[Source "ChessBase"]
[SourceDate "2018.07.29"]
[SourceVersion "1"]
[SourceVersionDate "2018.07.29"]
[SourceQuality "1"]

1. e4 c5 2. Nc3 Nc6 3. f4 g6 4. Nf3 Bg7 5. Bc4 e6 6. f5 Nge7 7. fxe6 dxe6 8. d3 0-0 9. 0-0 Na5 10. Bb3 Nec6 11. Bg5 Qc7 12. Qd2 Nxb3 13. axb3 Nd4 14. Bf4 Qd8 15. e5 b6 16. Rae1 Bb7 17. Nxd4 Qxd4+ 18. Kh1 a6 19. Bh6 f5 20. exf6 Rxf6 21. Bxg7 Kxg7 22. Rxf6 Qxf6 23. Qe2 Rf8 24. Kg1 Qd4+ 25. Qe3 Qg4 26. Qe5+ Rf6 27. Qc7+ Rf7 28. Qe5+ Rf6 29. Qc7+ Rf7 1/2-1/2